<?xml version="1.0" encoding="UTF-8"?>
<collection xmlns="http://www.loc.gov/MARC21/slim">
 <record>
  <leader>01772nam a2200241 a 4500</leader>
  <controlfield tag="001">TVCDKTCT13352</controlfield>
  <controlfield tag="003">Thư viện trường Cao đẳng Kỹ thuật Cao Thắng</controlfield>
  <controlfield tag="005">20111123000000</controlfield>
  <controlfield tag="008">111123</controlfield>
  <datafield tag="980" ind1="\" ind2="\">
   <subfield code="a">Thư viện Trường CĐ Kỹ Thuật Cao Thắng</subfield>
  </datafield>
  <datafield tag="024" ind1=" " ind2=" ">
   <subfield code="a">RG_1 #1 eb0 i1</subfield>
  </datafield>
  <datafield tag="020" ind1="#" ind2="#">
   <subfield code="a">978-0072853988</subfield>
  </datafield>
  <datafield tag="041" ind1="0" ind2="#">
   <subfield code="a">vie</subfield>
  </datafield>
  <datafield tag="082" ind1="#" ind2="#">
   <subfield code="a">070 / </subfield>
   <subfield code="b">C400N-f</subfield>
  </datafield>
  <datafield tag="100" ind1="1" ind2="#">
   <subfield code="a">Friend Cecilia</subfield>
  </datafield>
  <datafield tag="245" ind1="0" ind2="0">
   <subfield code="a">Contemporary Editing /</subfield>
   <subfield code="c">Friend Cecilia, Challenger Don, C. McAdams Katherine</subfield>
  </datafield>
  <datafield tag="250" ind1="#" ind2="#">
   <subfield code="a">Tái bản lần thứ 2</subfield>
  </datafield>
  <datafield tag="260" ind1="#" ind2="#">
   <subfield code="a">American :</subfield>
   <subfield code="b">Mc Graw Hill ,</subfield>
   <subfield code="c">2005</subfield>
  </datafield>
  <datafield tag="300" ind1="#" ind2="#">
   <subfield code="a">467tr.</subfield>
  </datafield>
  <datafield tag="520" ind1="#" ind2="#">
   <subfield code="a">Today's news media are increasingly affected by the emergence of electronics and interactive technology and the quickening pace of contemporary life. Yet the time-honored skills of copy editing and news judgment are still necessary. News professionals of the future need a combination of emerging and traditional skills to prepare themselves for editing in the 21st century. &quot;Contemporary Editing&quot; is the definitive text to equip your students with both the basic skills of effective publications editing, and the context to deal with the changing nature of the print medium and news forums. Each chapter opens with an overview and ends with a summary of the topics covered in the chapter. Boxes highlight important points, while step-by-step editing helps students think critically about making editorial decisions and news judgements. Profiles of industry professionals give students the inside scoop on successful journalists. Photos, illustrations, graphs, and sample articles add to the lively writing and visual appeal of the book.</subfield>
  </datafield>
  <datafield tag="650" ind1="#" ind2="4">
   <subfield code="a">Journalism-editing</subfield>
  </datafield>
  <datafield tag="700" ind1="0" ind2="#">
   <subfield code="a">Challenger Don</subfield>
  </datafield>
  <datafield tag="700" ind1="0" ind2="#">
   <subfield code="a">C. McAdams Katherine</subfield>
  </datafield>
 </record>
</collection>
